28

Доступно только в Электронных читальных залах Найти на картеНа карте
RUSMARC
00004013nac2a22002651x 450
00181318cd3-9319-4aa9-a640-69013e483b12
00520170708184715.0
100##$a20170512l1932 k y0rusy50 ca
1010#$arus
102##$aRU
105##$ay z |||||
1220#$ad19320207
2001#$a28
$j07.02.1932
215##$a19 листов
251##$cДело
300##$aЗаголовок дела на папке: Протокол № 28 заседания Президиума Центрального Исполнительного Комитета Союза ССР от 7 февраля 1932 г.
300##$aЧасть текста машинописная, часть - напечатана типографским способом
330##$aВходит в раздел описи: Протоколы Заседаний Президиума VI-го созыва /оригиналы/
461#0$1001796d4672-8a00-4986-b488-6e42273792cc
$12001
$aЦЕНТРАЛЬНЫЙ ИСПОЛНИТЕЛЬНЫЙ КОМИТЕТ СССР (ЦИК СССР)
$1251
$cФонд
$1852
$j3316
$gР
462#0$10015593f570-cd62-4a8d-a1d8-0c815fe27ed2
$12001
$aПротоколы заседаний Президиума ЦИК СССР, объединенных заседаний секретариатов ЦИК СССР и ВЦИК и совещаний при председателе ЦИК СССР. 1923-1938 гг.
$vД. 492
$1251
$cОпись
$1852
$j12
5171#$aПротокол № 28 заседания Президиума Центрального Исполнительного Комитета Союза ССР от 7 февраля 1932 г.
60101$3RU\NLR\AUTH\880357276
$aСССР
$bЦИК
801#0$aRU
$bGA_RF
801#1$aRU
$bАО "НПО Опыт"
$c20170512
$2rusmarc
801#2$aRU
$bПБ им. Б.Н. Ельцина
$c20170708
$gRCR
$2rusmarc
852##$aГА РФ
$j492
937##$d100357121
$hПБ
035##$aRuPRLIB51042704
856##$uhttp://readingroom.main.prlib.ru/item.aspx?id_node=n100357121&mode=full
Формат отображения